Minulosť súčasného účtovníctva

Účtovníctvo ako systém informácií a nástroj finančného riadenia prešlo vo svojom viac ako 500 - ročnom vývoji viacerými vývojovými etapami až dospelo do súčasného účtovníctva. Príspevok ukazuje, že charakteristické znaky súčasného účtovníctva, jeho súčasné problémy, ktoré sú predmetom riešenia, boli...

ver descrição completa

Na minha lista:
Detalhes bibliográficos
Autor principal: Soukupová, Božena
Formato: Capítulo de Livro
Idioma:eslovaco
Assuntos:
Tags: Adicionar Tag
Sem tags, seja o primeiro a adicionar uma tag!

MARC

LEADER 00000nla$a2200000$$$4500
001 0088513
005 20240502072007.4
041 0 |a slo 
044 |a SK 
245 1 0 |a Minulosť súčasného účtovníctva  |c Božena Soukupová 
520 |a Účtovníctvo ako systém informácií a nástroj finančného riadenia prešlo vo svojom viac ako 500 - ročnom vývoji viacerými vývojovými etapami až dospelo do súčasného účtovníctva. Príspevok ukazuje, že charakteristické znaky súčasného účtovníctva, jeho súčasné problémy, ktoré sú predmetom riešenia, boli účtovníctvu vlastné aj v minulosti a pramenia z nej. Charakteristika súčasného účtovníctva. Zásada verného a pravdivého zobrazenia a problém etiky. Problém oceňovania majetku a záväzkov v účtovníctve. Terminologické problémy. 
610 2 0 |a účtovníctvo 
610 2 0 |a história 
610 2 0 |a etika 
610 2 0 |a terminológia 
100 1 |a Soukupová, Božena